<?xml version="1.0" encoding="UTF-8"?>
<collection xmlns="http://www.loc.gov/MARC21/slim">
 <record>
  <leader>02146nam a22002177a 4500</leader>
  <controlfield tag="001">NCT_35176</controlfield>
  <controlfield tag="008">180514b        xxu||||| |||| 00| 0 vie d</controlfield>
  <datafield tag="999" ind1=" " ind2=" ">
   <subfield code="c">1696</subfield>
   <subfield code="d">1696</subfield>
  </datafield>
  <datafield tag="020" ind1=" " ind2=" ">
   <subfield code="c">550000</subfield>
  </datafield>
  <datafield tag="082" ind1="0" ind2="4">
   <subfield code="2">23rd ed.</subfield>
   <subfield code="a">615</subfield>
   <subfield code="b">M618</subfield>
  </datafield>
  <datafield tag="245" ind1="1" ind2="0">
   <subfield code="a">MIMS</subfield>
   <subfield code="b">: Drug reference full prescribing information</subfield>
   <subfield code="c">MIMS Việt Nam</subfield>
  </datafield>
  <datafield tag="260" ind1=" " ind2=" ">
   <subfield code="a">TP Hồ Chí Minh</subfield>
   <subfield code="b">MIMS</subfield>
   <subfield code="c">2018</subfield>
  </datafield>
  <datafield tag="300" ind1=" " ind2=" ">
   <subfield code="a">[1225]tr.</subfield>
   <subfield code="b">Minh họa</subfield>
   <subfield code="c">29cm</subfield>
  </datafield>
  <datafield tag="520" ind1="3" ind2=" ">
   <subfield code="a">Nội dung sách sẽ hướng dẫn thầy thuốc, dược sĩ kê toa các loại thuốc nước ngoài và thuốc trong nước đang được phép lưu hành tại Việt Nam đúng thuốc, đúng chỉ định cho từng bệnh lý và hướng dẫn người bệnh sử dụng thuốc an toàn hợp lý. Do đó, đây là cẩm nang không thể thiếu trên bàn làm việc của y bác sĩ, trong thư viện và trên kệ sách của các bạn sinh viên y khoa. Cũng là một cuốn sách cần thiết đối với gia đình, nhất là gia đình có trẻ em và người lớn tuổi, những đối tượng thường xuyên phải theo dõi sức khỏe và dùng thuốc. Nếu có sách Mims Việt Nam chúng ta hoàn toàn yên tâm khi hiểu rõ về tất cả các lọai thuốc.</subfield>
  </datafield>
  <datafield tag="653" ind1=" " ind2=" ">
   <subfield code="a">Dược học</subfield>
  </datafield>
  <datafield tag="942" ind1=" " ind2=" ">
   <subfield code="2">ddc</subfield>
   <subfield code="c">BK</subfield>
  </datafield>
  <datafield tag="952" ind1=" " ind2=" ">
   <subfield code="0">0</subfield>
   <subfield code="1">0</subfield>
   <subfield code="2">ddc</subfield>
   <subfield code="4">0</subfield>
   <subfield code="6">615_000000000000000_M618</subfield>
   <subfield code="7">0</subfield>
   <subfield code="9">8121</subfield>
   <subfield code="a">000001</subfield>
   <subfield code="b">000001</subfield>
   <subfield code="d">2018-05-14</subfield>
   <subfield code="l">3</subfield>
   <subfield code="o">615 M618</subfield>
   <subfield code="p">MD.11858</subfield>
   <subfield code="r">2019-06-20</subfield>
   <subfield code="s">2019-06-20</subfield>
   <subfield code="v">550000.00</subfield>
   <subfield code="w">2018-05-14</subfield>
   <subfield code="y">BK</subfield>
  </datafield>
  <datafield tag="952" ind1=" " ind2=" ">
   <subfield code="0">0</subfield>
   <subfield code="1">0</subfield>
   <subfield code="2">ddc</subfield>
   <subfield code="4">0</subfield>
   <subfield code="6">615_000000000000000_M618</subfield>
   <subfield code="7">0</subfield>
   <subfield code="9">8122</subfield>
   <subfield code="a">000001</subfield>
   <subfield code="b">000001</subfield>
   <subfield code="d">2018-05-14</subfield>
   <subfield code="l">1</subfield>
   <subfield code="o">615 M618</subfield>
   <subfield code="p">MD.11870</subfield>
   <subfield code="r">2018-05-18</subfield>
   <subfield code="s">2018-05-17</subfield>
   <subfield code="v">550000.00</subfield>
   <subfield code="w">2018-05-14</subfield>
   <subfield code="y">BK</subfield>
  </datafield>
  <datafield tag="952" ind1=" " ind2=" ">
   <subfield code="0">0</subfield>
   <subfield code="1">0</subfield>
   <subfield code="2">ddc</subfield>
   <subfield code="4">0</subfield>
   <subfield code="6">615_000000000000000_M618</subfield>
   <subfield code="7">0</subfield>
   <subfield code="9">8123</subfield>
   <subfield code="a">000001</subfield>
   <subfield code="b">000001</subfield>
   <subfield code="d">2018-05-14</subfield>
   <subfield code="l">1</subfield>
   <subfield code="o">615 M618</subfield>
   <subfield code="p">MD.11864</subfield>
   <subfield code="r">2019-06-10</subfield>
   <subfield code="s">2019-06-10</subfield>
   <subfield code="v">550000.00</subfield>
   <subfield code="w">2018-05-14</subfield>
   <subfield code="y">BK</subfield>
  </datafield>
  <datafield tag="952" ind1=" " ind2=" ">
   <subfield code="0">0</subfield>
   <subfield code="1">0</subfield>
   <subfield code="2">ddc</subfield>
   <subfield code="4">0</subfield>
   <subfield code="6">615_000000000000000_M618</subfield>
   <subfield code="7">0</subfield>
   <subfield code="9">18654</subfield>
   <subfield code="a">000001</subfield>
   <subfield code="b">000001</subfield>
   <subfield code="d">2020-02-17</subfield>
   <subfield code="o">615 M618</subfield>
   <subfield code="p">MD.16289</subfield>
   <subfield code="r">2020-02-17</subfield>
   <subfield code="v">550000.00</subfield>
   <subfield code="w">2020-02-17</subfield>
   <subfield code="y">BK</subfield>
  </datafield>
  <datafield tag="980" ind1=" " ind2=" ">
   <subfield code="a">Thư viện Trường Đại học Nam Cần Thơ</subfield>
  </datafield>
 </record>
</collection>
